| 000 | 00736nam a2200241 a 4500 | ||
|---|---|---|---|
| 001 | 16417 | ||
| 003 | CO-ViMGA | ||
| 008 | 141112s2004 ck r 000 u spa d | ||
| 020 | _a9583003689 | ||
| 040 |
_aCO-ViMGA _bspa _cCO-ViMGA |
||
| 082 | 0 | 4 | _aCABh2 |
| 100 | 1 | _aCaballero Calderón, Eduardo | |
| 245 | 1 | 0 | _aHistoria en cuentos 2 |
| 260 |
_aBogotá : _bPanAméricana, _c1997 |
||
| 300 | _a68.p.il. | ||
| 490 | _aLiteratura juvenil | ||
| 505 | _aLa conquista de el Dorado Los tres capitanes La varita mágica | ||
| 590 | _aForma de adquisición : Premio - Mincultura | ||
| 650 | 1 | 4 |
_aCOLOMBIA - HISTORIA - CUENTOS _923467 |
| 650 | 1 | 4 |
_aCUENTOS INFANTILES COLOMBIANOS _92369 |
| 650 | 1 | 4 |
_aLITERATURA JUVENIL _9314 |
| 942 |
_2ddc _cBK |
||
| 999 |
_c3762 _d3762 |
||